000 00624nam a2200193Ia 4500
008 151119s9999||||xx |||||||||||||| ||und||
082 _a891.462
082 _bGKKV381
100 _aबेडेकर मालतीबाई
245 _aकलियुग ग बाई कलियुग
260 _a--
260 _b--
260 _c1966
600 _aबेडेकर मालतीबाई
630 _aकलियुग ग बाई कलियुग
700 _aबेडेकर मालतीबाई
730 _aकलियुग ग बाई कलियुग
942 _cBOOK
999 _c1057185
_d1057182